书目信息 |
| 题名: |
固体中的超声波
|
|
| 作者: | 罗斯 著 ;何存富 , 吴斌 , 王秀彦 译 | |
| 分册: | ||
| 出版信息: | 北京 科学出版社 2004.3 |
|
| 页数: | 366页 | |
| 开本: | 26cm | |
| 丛书名: | ||
| 单 册: | ||
| 中图分类: | O483 | |
| 科图分类: | ||
| 主题词: | 固体--缺陷--超声检测 , 超声检测 | |
| 电子资源: | ||
| ISBN: | 7-03-011620-8 | |
| 000 | 00785nam0 2200265 45 | |
| 001 | 012004000000 | |
| 005 | 20051207082119.06 | |
| 010 | @a7-03-011620-8@dCNY 48.00 | |
| 100 | @a20041220d2004 em y0chiy0121 ea | |
| 101 | 1 | @achi@ceng |
| 102 | @aCN@b110000 | |
| 105 | @aak z 000yy | |
| 200 | 1 | @a固体中的超声波@Agu ti zhong de chao sheng bo@f(美)J. L. 罗斯著@g何存富, 吴斌, 王秀彦译 |
| 210 | @a北京@c科学出版社@d2004.3 | |
| 215 | @a366页@c图, 表格@d26cm | |
| 320 | @a书末附附录和参考文献 | |
| 606 | 0 | @a固体@x缺陷@x超声检测 |
| 606 | 0 | @a超声检测 |
| 690 | @aO483@v4 | |
| 701 | 1 | @a罗斯@Aluo si@bJ. L.@4著 |
| 702 | 0 | @a何存富@Ahe cun fu@4译 |
| 702 | 0 | @a吴斌@Awu bin@4译 |
| 702 | 0 | @a王秀彦@Awang xiu yan@4译 |
| 801 | 0 | @aCN@bQSSKxf@c20051207 |
| 905 | @a10447@dO483@eL953 | |
| 固体中的超声波/(美)J. L. 罗斯著/何存富, 吴斌, 王秀彦译.-北京:科学出版社,2004.3 |
| 366页:图, 表格;26cm |
| ISBN 7-03-011620-8:CNY 48.00 |
| ● |
| 相关链接 |
|
|
|
正题名:固体中的超声波
索取号:O483/L953
 
预约/预借
| 序号 | 登录号 | 条形码 | 馆藏地/架位号 | 状态 | 备注 |
| 1 | 434396 | 204343969 | 自科库401/401自科库 59排3列3层/ [索取号:O483/L953] | 在馆 | |
| 2 | 434397 | 204343978 | 自科库401/401自科库 59排3列3层/ [索取号:O483/L953] | 在馆 | |
| 3 | 545803 | 205458039 | 自科库401/401自科库 59排3列3层/ [索取号:O483/L953] | 在馆 | |
| 4 | 545804 | 205458048 | 期刊室512/401自科库 59排3列3层/ [索取号:O483/L953] | 在馆 | |
| 5 | 545805 | 205458057 | 自科库401/401自科库 59排3列3层/ [索取号:O483/L953] | 在馆 |